AJ Auxerre Squad 2022-2023 - Statistics

General Stats
  • This quiz has been taken 14 times
  • The average score is 22 of 39
Answer Stats
# Position Nation Player % Correct
16 GK French Guiana Donovan Léon
100%
10 MF France Gaëtan Perrin
92%
7 FW France Gauthier Hein
92%
1 GK Romania Ionuț Radu
92%
4 DF Brazil Jubal
92%
11 FW Senegal M'Baye Niang
92%
80 MF France Han-Noah Massengo
83%
97 MF Madagascar Rayan Raveloson
83%
5 DF France Théo Pellenard
83%
12 MF Mali Birama Touré
75%
- Coach France Christophe Pélissier
75%
14 DF Ghana Gideon Mensah
75%
95 DF France Isaak Touré
75%
13 DF Algeria Akim Zedadka
67%
22 MF Morocco Hamza Sakhi
67%
17 FW Mali Lassine Sinayoko
67%
26 DF France Paul Joly
67%
40 GK Martinique Théo De Percin
67%
9 FW Cape Verde Nuno Da Costa
58%
77 FW Scotland Siriki Dembélé
58%
23 GK France Benoît Costil
50%
42 MF Ghana Elisha Owusu
50%
3 DF France Quentin Bernard
50%
19 FW France Gaëtan Charbonnier
42%
27 DF Guinea Julian Jeanvier
42%
18 MF Morocco Kays Ruiz-Atil
42%
24 DF Madagascar Kenji-Van Boto
42%
21 FW France Rémy Dugimont
42%
29 MF France Mathias Autret
33%
19 FW France Matthis Abline
33%
20 DF France Alexandre Coeff
25%
32 DF France Dénys Bain
25%
35 MF France Kévin Danois
25%
28 FW Guinea Ousmane Camara
25%
8 MF France Ousoumane Camara
25%
37 GK Italy Vincenzo Cozzella
25%
6 MF Comoros Youssouf M'Changama
25%
2 DF France Brayann Pereira
8%
- Coach France Michel Padovani
0%
No matching quizzes found
Score Distribution
Percent of People with Each Score
Percentile by Number Answered
Your Score History
You have not taken this quiz